pays attaqué par les Etats Unis de 1946 à 2025 - Statistiques

Statistiques générales
  • Ce quiz a été pris 58 fois
  • Le résultat moyen est 17 sur 29
Statistiques - réponses
Année d'attaque Pays % Correct
1991, 2003–2011 Irak
94%
2020 Iran
94%
2001–2021 Afghanistan
92%
1964–1973 Vietnam
89%
1961 Cuba
81%
1950 Chine
79%
1950–1953 Corée du Nord
79%
2014–2023 Syrie
77%
1964–1973 Laos
70%
2004–2020 Pakistan
70%
1950 Corée du Sud
68%
1969–1973 Cambodge
66%
1982–1984 Liban
60%
1986, 2011, 2016 Libye
58%
2002–2020 Yémen
58%
1998 Soudan
57%
1992–1994 Somalie
55%
1994, 2004 Haïti
47%
1980 Guatemala
38%
1980 Salvador
38%
1999 Yougoslavie
38%
1989 Panama
36%
2002–2017 Philippines
36%
2019–2020 Venezuela
36%
1965 République dominicaine
34%
1980 Nicaragua
32%
1995, 1999 Kosovo
26%
1995, 1999 Bosnie
23%
1983 Grenade
23%
Aucun quiz correspondant
Distribution des résultats
% des personnes avec chaque résultat
Percentile par nombre de réponses
Votre historique - résultats
Vous n’avez pas pris ce quiz